El descanso dominical y los problemas del poder político (Registro nro. 29968)
[ vista simple ]
| 000 -LEADER | |
|---|---|
| fixed length control field | 00336 a2200109 4500 |
| 001 - CONTROL NUMBER | |
| control field | ART_53628 |
| 005 - DATE AND TIME OF LATEST TRANSACTION | |
| control field | 20260410161946.0 |
| 008 - FIXED-LENGTH DATA ELEMENTS--GENERAL INFORMATION | |
| fixed length control field | 260409a |
| 100 1# - MAIN ENTRY--PERSONAL NAME | |
| Personal name | Duarte, David |
| 245 10 - TITLE STATEMENT | |
| Title | El descanso dominical y los problemas del poder político |
| 773 0# - HOST ITEM ENTRY | |
| Title | Temas de derecho laboral |
| Related parts | - N° 10 (oct. 2021) |
| Record control number | REV27619 |
No hay ítems disponibles.